00486nam a2200193 a 4500001001300000003000900013005001700022008004100039020001000080082001800090100003000108245001300138260003100151300000900182500003500191505001900226650001700245700003000262nice12345678IN_TiNIC20260116015137.0050524s1978 teha grp 000 0 ara  ac10000a297.1248bRAZ aRazi, Abu Jafar, Muhammad aAl-Kafi. aTehranbDarul Vahdatc1978 a187p aincludes index and biblioraphy2 aArabic/English aHadith-Shiah1 aRazi, Abu Jafar, Muhammad